[Event "ISL-chT"]
[Site "Reykjavik"]
[Date "1997.??.??"]
[Round "?"]
[White "Gunnarsson, Arinbjorn"]
[Black "Stefansson, Hannes"]
[Result "0-1"]
[WhiteElo "2240"]
[BlackElo "2555"]

1.e4 c5 2.Nf3 d6 3.d4 cxd4 4.Nxd4 Nf6 5.Nc3 Nc6 6.Bg5 e6 7.Qd2 a6 8.O-O-O h6
9.Bxf6 Qxf6 10.Nb3 Qd8 11.f4 b5 12.Bd3 Be7 13.Kb1 b4 14.Ne2 Qb6 15.Nbd4 Bd7
16.Nf3 a5 17.f5 Ne5 18.Nf4 Qc5 19.fxe6 Bxe6 20.Nxe6 fxe6 21.Nxe5 Qxe5 22.c4 Bf6
23.g3 O-O 24.Rhf1 a4 25.Rf2 a3 26.Qf4 Qc5 27.Rdf1 b3 28.axb3 axb2 29.e5 Ra1+
30.Kc2 b1=Q+  0-1

[Event "ISL-chT"]
[Site "Reykjavik"]
[Date "1997.??.??"]
[Round "?"]
[White "Arnason, Jon L"]
[Black "Thorhallsson, Throstur"]
[Result "1/2-1/2"]
[WhiteElo "2535"]
[BlackElo "2500"]

1.e4 c5 2.Nf3 d6 3.d4 cxd4 4.Nxd4 Nf6 5.Nc3 Nc6 6.Bg5 e6 7.Qd3 a6 8.Rd1 Be7
9.Be2 Qc7 10.O-O Bd7 11.Qg3 h6 12.Bxf6 gxf6 13.Qg7 Rf8 14.Qxh6 O-O-O 15.Qe3 Rh8
16.g3 Kb8 17.Nxc6+ Bxc6 18.Bf3 Qa5 19.Qf4 Ka8 20.Rd3 Rh7 21.Rfd1 Rdh8 22.h4 Rg8
23.Kf1 Rc8 24.a3 Rhh8 25.Kg1 Rcg8 26.Kf1 Rc8 27.Kg1 Rcg8 28.Kf1  1/2-1/2

[Event "Salo We SalSK"]
[Site "Salo"]
[Date "1997.??.??"]
[Round "1"]
[White "Holmsten, Aleksei"]
[Black "Simola, Tuomas"]
[Result "1/2-1/2"]
[WhiteElo "2325"]
[BlackElo "2085"]

1.e4 c5 2.Nf3 Nc6 3.d4 cxd4 4.Nxd4 Nf6 5.Nc3 d6 6.Bg5 e6 7.Qd2 a6 8.O-O-O h6
9.Be3 Be7 10.Be2 Nxd4 11.Bxd4 b5 12.Bf3 e5 13.Be3 Be6 14.Kb1 Qc7 15.g4 Qc4
16.b3 Qb4 17.Kb2 Qa5 18.Nd5 Qxd2 19.Nxf6+ Bxf6 20.Bxd2 a5 21.a3 Bd8 22.Be2 Bd7
23.f4 exf4 24.Bc3 f6 25.Rxd6 Bc7 26.Rd5 Ke7 27.Bxb5 Be6 28.Rd3 Rab8 29.a4 g5
30.h3 h5 31.Rhd1 hxg4 32.Rd7+ Bxd7 33.Rxd7+ Ke6 34.Rxc7 Rxb5 35.axb5 gxh3
36.b6 g4  1/2-1/2

[Event "Copa Itau Mercosul"]
[Site "Sao Paulo"]
[Date "1997.??.??"]
[Round "2"]
[White "Tsuboi, Edson Kenji"]
[Black "Figueiredo, Francisco M"]
[Result "1-0"]
[WhiteElo "2345"]
[BlackElo "2105"]

1.e4 c5 2.Nf3 d6 3.d4 cxd4 4.Nxd4 Nf6 5.Nc3 Nc6 6.Bg5 e6 7.Qd2 Be7 8.O-O-O d5
9.exd5 Nxd5 10.Bxe7 Qxe7 11.Nxd5 exd5 12.Bb5 O-O 13.Bxc6 bxc6 14.Nxc6 Qf6
15.Nd4 Rb8 16.Rhe1 Be6 17.Re3 Rfc8 18.Rb3 Ra8 19.h3 a5 20.a3 a4 21.Rb6 Rc4
22.c3 Rac8 23.Qe3 Qd8 24.Nxe6 fxe6 25.Qxe6+ Kh8 26.Rxd5 Qc7 27.Qe3 Rf8 28.Re6 Qb7
29.Rf5 Rg8 30.Re8 Rc8 31.Rfe5 Rb8 32.Rxb8 Qxb8 33.f4 Qa8 34.Qe2 Qa7 35.g4 Qg1+
36.Kc2 Qb6 37.Rb5 Qg6+ 38.f5 Qc6 39.Re5 Qb7 40.Qb5 Qg2+ 41.Re2 Qf3 42.Re8 Qg2+
43.Kb1 h6 44.Rxg8+ Kxg8 45.Qxa4  1-0

[Event "GER-ch U17"]
[Site "Schopfenheim"]
[Date "1997.??.??"]
[Round "6"]
[White "Langheinrich, Ferenc"]
[Black "Breder, Dennis"]
[Result "1/2-1/2"]
[WhiteElo "2255"]
[BlackElo "2155"]

1.e4 c5 2.Nf3 Nc6 3.d4 cxd4 4.Nxd4 Nf6 5.Nc3 d6 6.Bg5 e6 7.Qd2 Be7 8.O-O-O O-O
9.f4 Nxd4 10.Qxd4 Qa5 11.Bc4 Bd7 12.e5 dxe5 13.fxe5 Bc6 14.Bd2 Nd7 15.Nd5 Qc5
16.Nxe7+ Qxe7 17.Rhe1 Rfd8 18.Bf1 Nf8 19.Qe3 Qh4 20.h3 Ng6 21.c4 Rd4 22.g3 Rxc4+
23.Bc3 Qe4 24.Qd2 Rxc3+ 25.Qxc3 Qa4 26.Kb1 Bd5 27.b3 Qe8 28.Rc1 Ne7 29.Red1 Bc6
30.g4 Nd5 31.Qd4 Qe7 32.Bg2 h6 33.Kb2 Qg5 34.Bxd5 Bxd5 35.Rc3 Qe7 36.Qc5 Qxc5
37.Rxc5 Bc6 38.Rd2 Rf8 39.Rd6 Re8 40.b4 a6 41.Rd2 Rf8 42.Kb3 f6 43.exf6 Rxf6
44.Rc3 Rf4 45.a3 Kf7 46.Re3 Kf6 47.Kc3  1/2-1/2

[Event "GER-ch U17"]
[Site "Schopfenheim"]
[Date "1997.??.??"]
[Round "9"]
[White "Langheinrich, Ferenc"]
[Black "Duppel, Matthias"]
[Result "0-1"]
[WhiteElo "2255"]
[BlackElo "2185"]

1.e4 c5 2.Nf3 Nc6 3.d4 cxd4 4.Nxd4 Nf6 5.Nc3 d6 6.Bg5 Qb6 7.Nb3 e6 8.Be3 Qc7
9.Be2 Be7 10.O-O a6 11.a4 b6 12.f4 Bb7 13.Bf3 O-O 14.g4 Rfe8 15.g5 Nd7 16.Bg2 Rad8
17.Qe1 Nb4 18.Qf2 Nc5 19.f5 exf5 20.exf5 Bf8 21.g6 Bxg2 22.Kxg2 Nxc2 23.Qxc2 Rxe3
24.Rae1 Re5 25.Rxe5 dxe5 26.gxh7+ Kxh7 27.Ne4 Qb7 28.Nxc5 Bxc5 29.Rf3 Kg8
30.Kh3 Rd4 31.Re3 Qd7 32.Ng3 Rd2 33.Qc3 Bxe3 34.Qxe3 Qd4 35.Qf3 e4 36.Qf4 e3
37.Qb8+ Qd8 38.Qf4 e2  0-1

[Event "Schwaebisch Gmuend op"]
[Site "Schwaebisch Gmuend"]
[Date "1997.??.??"]
[Round "9"]
[White "Barthel, Ansgar"]
[Black "Pribyl, Martin"]
[Result "0-1"]
[WhiteElo "2230"]
[BlackElo "2320"]

1.e4 c5 2.Nf3 d6 3.d4 cxd4 4.Nxd4 Nf6 5.Nc3 Nc6 6.Bg5 e6 7.Qd2 h6 8.Bxf6 gxf6
9.O-O-O a6 10.f4 Qb6 11.Nde2 h5 12.Kb1 Bd7 13.f5 Ne5 14.Nd4 Bh6 15.Qe1 O-O-O
16.Be2 Be3 17.fxe6 fxe6 18.Nd5 exd5 19.Qc3+ Nc4 20.exd5 Qxb2+ 21.Qxb2 Nxb2
22.Kxb2 Rde8 23.Bf3 Re5 24.h3 f5 25.Rd3 f4 26.Rhd1 Kb8 27.Rb3 Ka7 28.Rc3 Rc8
29.Rxc8 Bxc8 30.Rd3 Bd7 31.Ne2 Bb5 32.Rd1 Be8 33.Nd4 Bg6 34.Ne6 Be4 35.Ng5 Bxf3
36.Nxf3 Re7 37.Re1 Kb6 38.Kb3 Rg7 39.Re2 Kc5 40.c4 b5 41.cxb5 axb5 42.Kc3 Kxd5
43.Kd3 b4 44.Nh4 Ra7 45.Rb2 Bc5 46.Ng6 Ra3+ 47.Rb3 Rxa2 48.Nxf4+ Ke5 49.g3 Rh2
50.h4 Kf5 51.Nxh5 Kg4 52.Nf6+ Kxg3 53.h5 Kf4 54.Nd5+ Ke5 55.Nxb4 Rxh5 56.Na6 Rh3+
57.Kc2 Rh2+ 58.Kd3 Bg1 59.Rb5+ Ke6 60.Nc7+ Kd7 61.Nd5 Bc5 62.Nf6+ Kc6 63.Rb8 Rh3+
64.Ke2  0-1

[Event "RUS-ch Armed Forces"]
[Site "Sevastopol"]
[Date "1997.??.??"]
[Round "11"]
[White "Komliakov, Viktor"]
[Black "Kiselev, Sergey"]
[Result "1/2-1/2"]
[WhiteElo "2460"]
[BlackElo "2485"]

1.e4 c5 2.Nf3 Nc6 3.d4 cxd4 4.Nxd4 Nf6 5.Nc3 d6 6.Bg5 e6 7.Qd2 a6 8.O-O-O h6
9.Be3 Be7 10.f3 Nxd4 11.Bxd4 b5 12.Bxf6  1/2-1/2

[Event "Seversk"]
[Site "Seversk"]
[Date "1997.??.??"]
[Round "6"]
[White "Filippov, Valerij"]
[Black "Iskusnyh, Sergei"]
[Result "1/2-1/2"]
[WhiteElo "2510"]
[BlackElo "2440"]

1.e4 c5 2.Nf3 d6 3.d4 cxd4 4.Nxd4 Nf6 5.Nc3 Nc6 6.Bg5 a6 7.Qd2 Qb6 8.Nb3 e6
9.Bxf6 gxf6 10.O-O-O Qc7 11.f4 b5 12.Kb1 Bd7  1/2-1/2

[Event "Sochi"]
[Site "Sochi"]
[Date "1997.??.??"]
[Round "?"]
[White "Zhelnin, Vladimir V"]
[Black "Kalugin, Sergei"]
[Result "1-0"]
[WhiteElo "2475"]
[BlackElo "2255"]

1.e4 c5 2.Nf3 Nc6 3.d4 cxd4 4.Nxd4 Nf6 5.Nc3 d6 6.Bg5 e6 7.Qd2 a6 8.O-O-O Bd7
9.f4 Be7 10.f5 Rc8 11.fxe6 fxe6 12.Bc4 Nxd4 13.Qxd4 Qa5 14.Bh4 b5 15.Bb3 b4
16.Ne2 Qh5 17.Bxf6 gxf6 18.Nf4 Qg4 19.Qd2 a5 20.h3 Qg8 21.a4 bxa3 22.Qxa5 Qg3
23.Qh5+ Kd8 24.Qa5+ Ke8 25.Qh5+ Kd8 26.Nxe6+ Bxe6 27.Qa5+ Rc7 28.Bxe6 Qe3+
29.Kb1 Qxe4 30.Bf5 a2+ 31.Ka1 Qb7 32.Rhe1 Re8 33.Re3 Qa7 34.Qb5 Rf8 35.Qd5 Rc5
36.Qd4 Qc7 37.g4 Rf7 38.Ra3 Qc6 39.Be4 Qb5 40.Ra8+ Rc8 41.Ra7 Ke8 42.Bf5 Rd8
43.Be6 Rg7 44.Bxa2 Qe5 45.Qd2 Rb8 46.Bb3 Qg5 47.Qe2 Qc5 48.Qa6 Rg5 49.Qa4+ Kf8
50.Ra8 Rd8 51.Qe4 Re5 52.Rxd8+ Bxd8 53.Qxh7 d5 54.Kb1 Be7 55.h4 Qd6 56.Qh8+ Kf7
57.Qa8 Kg7 58.Rxd5 Rxd5 59.Qxd5 Qxd5 60.Bxd5 f5 61.gxf5 Bxh4 62.c3 Kf6 63.Be6 Ke5
64.Kc2 Ke4 65.b4 Ke5 66.c4 Kd6 67.Kb3 Kc6 68.c5 Be7 69.Kc4 Kb7 70.b5 Kc7
71.b6+  1-0

[Event "St Petersburg"]
[Site "St Petersburg"]
[Date "1997.??.??"]
[Round "3"]
[White "Tseitlin, Mark D"]
[Black "Sosonko, Gennadi"]
[Result "1-0"]
[WhiteElo "2505"]
[BlackElo "2515"]

1.e4 c5 2.Nf3 d6 3.d4 cxd4 4.Nxd4 Nf6 5.Nc3 Nc6 6.Bg5 e6 7.Qd2 Be7 8.O-O-O Nxd4
9.Qxd4 O-O 10.f4 h6 11.Bh4 Qa5 12.Bc4 e5 13.fxe5 dxe5 14.Qd3 Bg4 15.Bxf6 Bxf6
16.Rdf1 Rac8 17.Bb3 Be6 18.Kb1 Qc5 19.h4 h5 20.Qg3 Bd8 21.Rd1 Bxb3 22.axb3 Ba5
23.Rd5 Qc7 24.Qxe5 Qxe5 25.Rxe5 Bxc3 26.bxc3 Rxc3 27.Rd1 Rfc8 28.Rd2 g6 29.Re7 R3c7
30.Rd8+ Rxd8 31.Rxc7 Rb8 32.c4 b5 33.c5 a5 34.Kc2 b4 35.c6 Rb5 36.Kd3 Rc5
37.Kd4 Rc3 38.e5 Kf8 39.Kd5 Rxb3 40.Rb7 Rd3+ 41.Kc5 Rc3+ 42.Kd6 Rd3+ 43.Kc7 b3
44.Kb8 Rd8+ 45.Ka7 Rc8 46.Rb6 Ke7 47.Kb7 Kd8 48.Rxb3 Rc7+ 49.Kb6  1-0

[Event "St Petersburg"]
[Site "St Petersburg"]
[Date "1997.??.??"]
[Round "4"]
[White "Svidler, Peter"]
[Black "Tseitlin, Mark D"]
[Result "1/2-1/2"]
[WhiteElo "2640"]
[BlackElo "2505"]

1.e4 c5 2.Nf3 d6 3.d4 cxd4 4.Nxd4 Nf6 5.Nc3 Nc6 6.Bg5 e6 7.Qd2 a6 8.O-O-O h6
9.Be3 Be7 10.f4 Nxd4 11.Bxd4 b5 12.Qe3 b4 13.Na4 Qc7 14.Nb6 Rb8 15.Nc4 Qc6
16.e5 dxe5 17.Bxe5 Ra8 18.Nd6+ Kf8 19.Qd4 Kg8 20.Bc4 Bb7 21.f5 Bxd6 22.Bxd6 Rc8
23.b3 exf5 24.Be5 Kh7 25.Bxf6 Qxf6 26.Qxf6 gxf6 27.Rd7 Be4 28.Rhd1 Rhf8 29.g3 a5
30.Ra7 Ra8 31.Re7 Rae8 32.Rxe8 Rxe8 33.Rd7 Rc8 34.Rxf7+ Kg6 35.Ra7 Rc5 36.Kd2 Bd5
37.Bd3 Be4 38.Re7 Rd5 39.Ra7 h5 40.Re7 h4 41.gxh4 Bxd3 42.cxd3 Rd4 43.h5+ Kxh5
44.Ke3 Rd5 45.d4 Kg6 46.Rc7 Rd8 47.Rc5 Rh8 48.Rxa5  1/2-1/2

[Event "St Petersburg"]
[Site "St Petersburg"]
[Date "1997.??.??"]
[Round "7"]
[White "Tseitlin, Mark D"]
[Black "Epishin, Vladimir"]
[Result "1/2-1/2"]
[WhiteElo "2505"]
[BlackElo "2600"]

1.e4 c5 2.Nf3 d6 3.d4 cxd4 4.Nxd4 Nf6 5.Nc3 Nc6 6.Bg5 e6 7.Qd2 a6 8.O-O-O Nxd4
9.Qxd4 Be7 10.f4 b5 11.Bxf6 gxf6 12.Be2 Qc7 13.f5 Qc5 14.Qxc5 dxc5 15.fxe6 fxe6
16.Bh5+ Kf8 17.Rhf1 Ra7 18.e5 f5 19.g4 Kg7 20.Rd3 c4 21.Rh3 Rf8 22.gxf5 Rxf5
23.Rxf5 exf5 24.Rg3+ Kh6 25.Rh3 Bg5+ 26.Kd1 Rd7+ 27.Ke1 Re7 28.Be2+ Kg6 29.Rg3 f4
30.Rg1 Rxe5 31.h4 f3 32.hxg5 fxe2 33.Nxe2 Rxg5 34.Rf1 Re5 35.Rg1+ Kf6 36.Kf2 Rf5+
37.Ke3 Re5+ 38.Kf2 Bf5 39.Rg8 Bxc2 40.Ra8 Re6 41.Nd4 Rd6 42.Nxc2 Rd2+ 43.Ke3 Rxc2
44.Rxa6+ Kg5 45.Ra5 Rxb2 46.a4 Rb3+ 47.Ke4 h5 48.Rxb5+ Kg4 49.Rc5 h4 50.Rxc4 h3
51.Kd5+ Kg5 52.Rc8 Ra3 53.Ke4 Ra1 54.Rg8+ Kh4 55.Kf3 Rf1+ 56.Ke2 Rf4 57.Rh8+ Kg3
58.Rg8+ Kh2 59.a5 Ra4 60.Rg5 Kh1 61.Kf2 Ra2+ 62.Kf1 Ra1+ 63.Kf2 Ra2+ 64.Kf1 Ra1+
65.Kf2 Ra2+  1/2-1/2

[Event "RUS-Cup01 Chigorin mem"]
[Site "St Petersburg"]
[Date "1997.??.??"]
[Round "8"]
[White "Yemelin, Vasily"]
[Black "Klimov, Sergey"]
[Result "1-0"]
[WhiteElo "2480"]
[BlackElo "2355"]

1.e4 c5 2.Nf3 Nc6 3.d4 cxd4 4.Nxd4 Nf6 5.Nc3 d6 6.Bg5 e6 7.Qd2 a6 8.O-O-O h6
9.Bf4 Bd7 10.Nxc6 Bxc6 11.Qe1 Qa5 12.Bc4 Be7 13.Bb3 Rd8 14.f3 b5 15.Bd2 Qb6
16.Ne2 d5 17.Ba5 Qe3+ 18.Kb1 Rc8 19.Rd4 b4 20.Bxb4 Bxb4 21.Rxb4 a5 22.Rd4 dxe4
23.f4 O-O 24.Bc4 Bd5 25.Bb5 Rc5 26.c4 Bb7 27.h4 Ng4 28.Rh3 Qf2 29.Qxf2 Nxf2
30.Ra3 e5 31.fxe5 Rxe5 32.Rxa5 e3 33.b4 Bxg2 34.c5 Bf1 35.c6 Rxb5 36.Rxb5 Bxe2
37.Re5 Bd3+ 38.Ka1 Rc8 39.Rxe3 Rxc6 40.Rexd3 Nxd3 41.Rxd3 g5 42.hxg5 hxg5
43.b5 Rc8 44.b6 Kh7 45.a4 g4 46.a5 Rc5 47.b7 Rxa5+ 48.Kb2 Rb5+ 49.Rb3 Rxb7
50.Rxb7 Kg6 51.Kc2  1-0

[Event "SVK-chT1W 9798"]
[Site "SVK"]
[Date "1997.??.??"]
[Round "?"]
[White "Vlcek, Stanislav"]
[Black "Mokos, Jozef"]
[Result "1-0"]
[WhiteElo "2150"]
[BlackElo "2260"]

1.e4 c5 2.Nf3 d6 3.d4 cxd4 4.Nxd4 Nf6 5.Nc3 Nc6 6.Bg5 e6 7.Qd2 a6 8.O-O-O h6
9.Bf4 Bd7 10.Nxc6 Bxc6 11.Qe1 Qc7 12.Kb1 e5 13.Bd2 Rc8 14.Bd3 Be7 15.f3 d5
16.exd5 Nxd5 17.Nxd5 Bxd5 18.Bc3 f6 19.Qg3 Kf8 20.Rd2 Be6 21.Re2 h5 22.Qe1 Bf7
23.g3 Bd5 24.Rf1 Bd6 25.f4 exf4 26.gxf4 Kf7 27.Qf2 Bc5 28.Qg3 Rh6 29.Rd1 Rd8
30.Ree1 Qc6 31.Bc4 b5 32.Bb3 Rhh8 33.Rxd5 Rxd5 34.Rd1 Rd8 35.Qf3 Kf8 36.Bxd5 Qd6
37.Qxh5 Rd7 38.Qh8+ Ke7 39.Qxg7+ Kd8 40.Qg2 b4 41.Be1 Qxf4 42.Bg3 Qg4 43.Bc7+  1-0

[Event "SVK-chT2 9697"]
[Site "SVK"]
[Date "1997.??.??"]
[Round "4"]
[White "Gazik, Igor"]
[Black "Mokos, Jozef"]
[Result "1/2-1/2"]
[WhiteElo "2370"]
[BlackElo "2265"]

1.e4 c5 2.Nf3 d6 3.d4 cxd4 4.Nxd4 Nf6 5.Nc3 Nc6 6.Bg5 e6 7.Qd2 a6 8.O-O-O h6
9.Bf4 Bd7 10.Nf3 e5 11.Be3 Be6 12.Kb1 Qa5 13.Nd5 Qxd2 14.Nxf6+ gxf6 15.Rxd2 f5
16.exf5 Bxf5 17.Bc4 Be6 18.Bd5 Nb4 19.Bxe6 fxe6 20.c4 Nc6 21.Bb6 Rc8 22.Rhd1 Be7
23.b3 Rg8 24.g3 Rf8 25.Ng1 Nb8 26.h4 Nd7 27.Be3 Rh8 28.Ne2 b5 29.Rc1 bxc4
30.Rxc4 Rxc4 31.bxc4 Kf7 32.Rb2 h5 33.Rb7 Rb8 34.Rxb8 Nxb8 35.Nc3 Nc6 36.Kc2 Nb4+
37.Kb3 Nc6 38.Bb6 Ke8 39.Kc2 Nb4+ 40.Kb3 Nc6 41.Ka4 Kd7 42.Be3 Ke8 43.a3 Kf7
44.Bb6  1/2-1/2

[Event "SVK-chT 9697"]
[Site "SVK"]
[Date "1997.??.??"]
[Round "6"]
[White "Szamos, Alexander"]
[Black "Kolesar, Milan"]
[Result "0-1"]
[WhiteElo "2130"]
[BlackElo "2240"]

1.e4 c5 2.Nf3 d6 3.d4 cxd4 4.Nxd4 Nf6 5.Nc3 Nc6 6.Bg5 e6 7.Qd2 a6 8.O-O-O Bd7
9.f4 b5 10.Nxc6 Bxc6 11.Bd3 Be7 12.e5 dxe5 13.fxe5 Nd7 14.Bxe7 Qxe7 15.Qf4 Nc5
16.h4 O-O 17.Be4 Rac8 18.Bxc6 Rxc6 19.Rd2 Qc7 20.Rf1 Nd7 21.Ne2 Rc4 22.Qf2 Nc5
23.Kb1 Ne4 24.Qe3 Nxd2+ 25.Qxd2 Rd8 26.Qe3 Rxc2 27.Nd4 Rc4 28.Nf3 h6 29.a3 Qc6
30.h5 Qe4+ 31.Qxe4 Rxe4 32.Rf2 a5 33.Rc2 Rd1+ 34.Ka2 Rc4  0-1

[Event "SVK-chT 9697"]
[Site "SVK"]
[Date "1997.??.??"]
[Round "11"]
[White "Betko, Lubomir"]
[Black "Fabian, Jaroslav"]
[Result "1-0"]
[WhiteElo "2225"]
[BlackElo "2270"]

1.e4 c5 2.Nf3 d6 3.d4 cxd4 4.Nxd4 Nf6 5.Nc3 Nc6 6.Bg5 e6 7.Bb5 Bd7 8.Bxc6 bxc6
9.Qf3 e5 10.Nf5 Bxf5 11.Qxf5 Qd7 12.Qf3 Be7 13.Bxf6 Bxf6 14.O-O-O O-O 15.Kb1 Be7
16.g4 Rab8 17.Rd3 Qb7 18.b3 Qb4 19.Qe2 a5 20.f3 a4 21.Nd1 Rfd8 22.Ne3 g6
23.h4 Ra8 24.h5 Ra7 25.Nc4 axb3 26.cxb3 Rda8 27.hxg6 fxg6 28.Qh2 Bf8 29.Rd2 Rb8
30.Qe2 Qc3 31.Rc1 Qb4 32.Rcd1 Qc3 33.Rc2 Rxb3+ 34.Nb2 Qa5 35.Qc4+  1-0

[Event "Piatka op"]
[Site "Swidnica"]
[Date "1997.??.??"]
[Round "?"]
[White "Prokopchuk, Evgeny"]
[Black "Khasin, Alexander"]
[Result "1/2-1/2"]
[WhiteElo "2440"]
[BlackElo "2530"]

1.e4 c5 2.Nf3 Nc6 3.d4 cxd4 4.Nxd4 Nf6 5.Nc3 d6 6.Bg5 e6 7.Qd2 a6 8.O-O-O h6
9.Bf4 Bd7 10.Nxc6 Bxc6 11.f3 d5 12.Qe1 Bb4 13.a3 Ba5 14.b4 Bb6 15.exd5 Bxd5
16.Be5 O-O 17.Qh4 Nd7 18.Qxd8 Rfxd8 19.Nxd5 exd5 20.Bb2 Be3+ 21.Kb1 Nb6 22.Bd4 Bxd4
23.Rxd4 Na4 24.Bd3 b5 25.Re1 Re8 26.Rxe8+ Rxe8 27.Kc1 Nb6 28.Kd2 g6 29.f4 Kg7
30.h4 f5 31.h5 Kf6 32.hxg6 Rg8 33.Bf1 Rxg6 34.Rd3 Rg4 35.g3 Rg7 36.Rc3 Nc4+
37.Bxc4 dxc4 38.Re3 Re7 39.Rxe7 Kxe7 40.Ke3 Ke6 41.Kd4 Kd6 42.c3  1/2-1/2

[Event "Piatka op"]
[Site "Swidnica"]
[Date "1997.??.??"]
[Round "?"]
[White "Jaracz, Pawel"]
[Black "Khasin, Abram"]
[Result "1/2-1/2"]
[WhiteElo "2445"]
[BlackElo "2420"]

1.e4 c5 2.Nf3 d6 3.d4 cxd4 4.Nxd4 Nf6 5.Nc3 Nc6 6.Bg5 e6 7.Qd2 a6 8.O-O-O h6
9.Be3 Be7 10.f4 Nxd4 11.Bxd4 b5 12.Be2 b4 13.Na4 Nxe4 14.Qe3 Nf6 15.Bf3 Rb8
16.Ba7 Rb5 17.Bb6 Qd7 18.Nc5 Nd5 19.Rxd5 Qc6 20.Nxe6 Bxe6 21.Rxb5 Qxb5 22.Bd4 O-O
23.Kb1 Rc8 24.Be4 a5 25.Qd3 Qxd3 26.Bxd3 Bf6  1/2-1/2

[Event "Piatka op"]
[Site "Swidnica"]
[Date "1997.??.??"]
[Round "1"]
[White "Isanbaev, Ramil"]
[Black "Khasin, Abram"]
[Result "0-1"]
[WhiteElo "2290"]
[BlackElo "2420"]

1.e4 c5 2.Nf3 Nc6 3.d4 cxd4 4.Nxd4 Nf6 5.Nc3 d6 6.Bg5 e6 7.Qd2 a6 8.O-O-O h6
9.Bf4 Bd7 10.Bg3 Rc8 11.Kb1 Nxd4 12.Qxd4 e5 13.Qd2 Qa5 14.f4 Be7 15.Be2 Rxc3
16.Qxc3 Qxc3 17.bxc3 Nxe4 18.Kb2 exf4 19.Bf3 fxg3 20.Bxe4 gxh2 21.Rxh2 O-O
22.Rhh1 Rc8 23.Rhf1 Be6 24.Bf5 Rc5 25.Bh3 Rc6 26.Rd3 Bf6 27.Rff3 Be5 28.Kc1 Bc4
29.Rde3 Kf8 30.Kd2 Ke7 31.Re4 Be6 32.Rh4 Rc5 33.Rb4 b5 34.a4 h5 35.axb5 axb5
36.Bxe6 Kxe6 37.Rh4 g6 38.Rh1 f5 39.Rfh3 Bf4+ 40.Kd1 Kf6 41.Rf1 Kg5 42.Rhf3 Be5
43.Kd2 h4 44.Rb1 f4 45.Rd3 Kf5 46.Rb3 g5 47.Ke2 g4 48.Kf2 d5 49.Kf1 g3 50.Ke1 Kg4
51.Kf1 h3 52.gxh3+ Kxh3 53.Kg1 Kg4 54.Kg2 Bf6 55.Ra3 b4 56.cxb4 Rxc2+ 57.Kf1 Bd8  0-1

[Event "Piatka op"]
[Site "Swidnica"]
[Date "1997.??.??"]
[Round "10"]
[White "Sulskis, Sarunas"]
[Black "Jaracz, Pawel"]
[Result "0-1"]
[WhiteElo "2525"]
[BlackElo "2445"]

1.e4 c5 2.Nf3 d6 3.d4 cxd4 4.Nxd4 Nf6 5.Nc3 Nc6 6.Bg5 e6 7.Qd2 a6 8.O-O-O h6
9.Be3 Be7 10.f4 Nxd4 11.Bxd4 b5 12.Kb1 Bb7 13.Qc1 Qc7 14.Bd3 O-O 15.e5 dxe5
16.Bxe5 Qc6 17.f5 exf5 18.Ne2 Ne4 19.Rhf1 g6 20.Nd4 Qd5 21.Nf3 Rfe8 22.Bxe4 Qxe4
23.Qd2 Bf8 24.Rde1 Qc6 25.Bc3 Qb6 26.Ne5 b4 27.Bd4 Qc7 28.b3 Rad8 29.Nc4 Re4
30.Rxe4 Bxe4 31.Qe1 Qxh2 32.Qd2 Re8 33.Qd1 Qg3 34.Kb2 Bg7 35.Bxg7 Kxg7 36.a4 Qc3+
37.Ka2 Re6 38.Qa1 Qxa1+ 39.Kxa1 f4 40.Kb2  0-1

[Event "SWZ-chT9697"]
[Site "SWZ"]
[Date "1997.??.??"]
[Round "?"]
[White "Kaufmann, Werner"]
[Black "Georges, Sacha"]
[Result "0-1"]
[WhiteElo "2320"]
[BlackElo "2300"]

1.e4 c5 2.Nf3 d6 3.d4 cxd4 4.Nxd4 Nf6 5.Nc3 Nc6 6.Bg5 e6 7.Qd2 Be7 8.O-O-O O-O
9.f3 a6 10.Kb1 Nxd4 11.Qxd4 Qa5 12.Bd2 Qc7 13.g4 b5 14.g5 Nd7 15.h4 Ne5 16.Be2 Bd7
17.f4 Nc6 18.Qf2 Na5 19.Bd3 b4 20.Ne2 Nc4 21.f5 Rfc8 22.f6 Bf8 23.h5 Ne5
24.Rc1 a5 25.Nf4 a4 26.g6 Qb7 27.gxf7+ Nxf7 28.Ng6 b3 29.Nxf8 bxa2+ 30.Ka1 Rab8
31.Qd4 e5 32.Qb4 Qxb4 33.Bxb4 Kxf8 34.fxg7+ Kxg7 35.h6+ Kf8 36.Ba3 Ke7 37.Rcg1 Rg8
38.Rg7 Rxg7 39.hxg7 h6 40.c4 Rg8 41.c5 dxc5 42.Bxc5+ Kf6 43.Bf8 Be6 44.Bb5 Bb3
45.Be8 Kg5 46.Rf1 Kg6 47.Rf5 Rxg7 48.Bxg7 Kxg7 49.Bxf7 Bxf7 50.Rxe5 Bb3 51.Rf5 Kg6
52.Rf1 h5 53.e5 h4 54.Re1 Kf5 55.Re3 Kf4 56.Rh3 Kg4 57.Re3 h3 58.e6 h2 59.Re1 Bxe6
60.Re4+ Kg3 61.Re1 Kf2  0-1

[Event "SWZ-chT9697"]
[Site "SWZ"]
[Date "1997.??.??"]
[Round "?"]
[White "Landenbergue, Claude"]
[Black "Sherwin, James T"]
[Result "1/2-1/2"]
[WhiteElo "2420"]
[BlackElo "2315"]

1.e4 c5 2.Nf3 Nc6 3.d4 cxd4 4.Nxd4 Nf6 5.Nc3 d6 6.Bg5 e6 7.Bb5 Bd7 8.Bxc6 bxc6
9.Qf3 h6 10.Bh4 Qb6 11.O-O-O Be7 12.Nb3 e5 13.Bxf6 gxf6 14.Rxd6 Bg4 15.Qxg4 Bxd6
16.Nd1 h5 17.Qh3 Rd8 18.Ne3 Bf8 19.Qf3 Bh6 20.Re1 Ke7 21.Kb1 Bxe3 22.Rxe3 Qb5
23.Re1 a5 24.Qe3 a4 25.Nc1 Rd4 26.Ne2 Rb8 27.b3 axb3 28.axb3 Qb4 29.Nxd4 exd4
30.Qc1 d3 31.Rd1 Qa5 32.Qb2 dxc2+ 33.Kxc2 Qc5+ 34.Kb1 Qb4 35.Qc2 Qxb3+ 36.Qxb3 Rxb3+
37.Kc2 Ra3 38.Kd2 Ra2+ 39.Ke3 Ke6 40.Rc1 Kd6 41.Rc3 Ra4 42.g3 Ra5 43.Rb3 f5
44.Rb7 f6 45.exf5 Rxf5 46.Rh7 Ra5 47.f4 Ke6 48.Kf3 Rd5 49.Ke4 Ra5 50.h3 Ra4+
51.Ke3 Ra3+ 52.Kd4 Rxg3 53.Rxh5 Rg8 54.f5+ Kd6 55.Rh6 c5+ 56.Ke4 Re8+ 57.Kf4 Rf8
58.Ke4 Re8+ 59.Kf4 Rf8 60.Ke4 Re8+  1/2-1/2

[Event "SWZ-chT9697"]
[Site "SWZ"]
[Date "1997.??.??"]
[Round "?"]
[White "Bucher, Denis"]
[Black "Landenbergue, Claude"]
[Result "0-1"]
[WhiteElo "2080"]
[BlackElo "2420"]

1.e4 c5 2.Nf3 d6 3.d4 cxd4 4.Nxd4 Nf6 5.Nc3 Nc6 6.Bg5 e6 7.Qd2 a6 8.O-O-O Bd7
9.f4 h6 10.Bh4 Nxe4 11.Qe1 Nf6 12.Nf5 Qa5 13.Nxd6+ Bxd6 14.Rxd6 Qc7 15.Qd2 O-O-O
16.Be2 Ne7 17.Bxf6 gxf6 18.Bf3 Bc6 19.Rd1 Rxd6 20.Qxd6 Bxf3 21.gxf3 Qxd6
22.Rxd6 f5 23.Kd2 Rg8 24.Ke3 Rg1 25.Kf2 Rh1 26.Kg2 Rc1 27.Rd2 b5 28.Ne2 Rb1
29.c3 Nd5 30.Kf2 Kc7 31.b3 Rh1 32.Kg2 Ra1 33.Kf2 Kc6 34.Kg2 Kc5 35.Kf2 a5
36.h3 a4 37.Rb2 a3 38.Rd2 Rb1 39.h4 h5 40.Rc2 Rb2 41.Nd4  0-1

[Event "EU-ch U18"]
[Site "Tallinn"]
[Date "1997.??.??"]
[Round "7"]
[White "Solak, Dragan"]
[Black "Halkias, Stelios"]
[Result "1-0"]
[WhiteElo "2345"]
[BlackElo "2385"]

1.e4 c5 2.Nf3 d6 3.d4 cxd4 4.Nxd4 Nf6 5.Nc3 Nc6 6.Bg5 e6 7.Qd2 a6 8.O-O-O h6
9.Bf4 Bd7 10.Nxc6 Bxc6 11.Qe1 Qc7 12.f3 Be7 13.h4 b5 14.e5 d5 15.Ne2 Nd7
16.Nd4 Nc5 17.Bd2 b4 18.Bxb4 O-O 19.Qc3 Ba4 20.Bxc5 Bxc5 21.b4 Bb6 22.Qxc7 Bxc7
23.Re1 Bb6 24.Nb3 a5 25.bxa5 Bc7 26.a6 Rfb8 27.h5 Bd8 28.Bd3 Be7 29.Kd2 Bb5
30.a4 Bb4+ 31.c3 Bxc3+ 32.Kxc3 Bxd3 33.Nc5 Bxa6 34.Ra1 Bc4 35.Rhb1 Rc8 36.Kd4 Rc7
37.a5 Rca7 38.Rb7 Rxb7 39.Nxb7 f6 40.Nc5 Rc8 41.a6 Bxa6 42.Nxa6 Rc4+ 43.Kd3 fxe5
44.Re1 Rd4+ 45.Kc3 Rc4+ 46.Kb3 Rd4 47.Nc5 Rd2 48.Rxe5 Rxg2 49.Nxe6 Kf7 50.Nf4 Rf2
51.Rf5+ Ke7 52.Kb4 Rc2 53.Rxd5 Kf6 54.Ng6 Rc6 55.f4 Rc7 56.Rc5 Ra7 57.Kc4 Ra1
58.Kd4  1-0

[Event "EU-ch U16 Girls"]
[Site "Tallinn"]
[Date "1997.??.??"]
[Round "7"]
[White "Morkunaite, Egle"]
[Black "Decsey, Katalin"]
[Result "1/2-1/2"]
[WhiteElo "2015"]
[BlackElo "2195"]

1.e4 c5 2.Nf3 d6 3.d4 cxd4 4.Nxd4 Nf6 5.Nc3 Nc6 6.Bg5 e6 7.Qd2 a6 8.O-O-O Bd7
9.f4 Qb6 10.Nf3 Ng4 11.Bh4 Qc7 12.h3 Nh6 13.g4 b5 14.f5 f6 15.g5 Ng8 16.Bg2 O-O-O
17.Bg3 exf5 18.Bxd6 Bxd6 19.Qxd6 Qxd6 20.Rxd6 b4 21.Nd5 fxe4 22.gxf6 exf3
23.fxg7 fxg2 24.Rd1 Nge7 25.gxh8=Q Rxh8 26.Nb6+ Kc7 27.Rxd7+ Kxb6 28.Rg1 Rg8
29.Rd2 Rg3 30.Rd3 Rg6 31.Rd2 Rg3 32.Rd3 Rg6 33.Rd2 Rg3  1/2-1/2

[Event "EU-ch U16"]
[Site "Tallinn"]
[Date "1997.??.??"]
[Round "8"]
[White "Rigo, Zsolt"]
[Black "Babaev, Rashad"]
[Result "1-0"]
[WhiteElo "2115"]
[BlackElo "2320"]

1.e4 c5 2.Nf3 Nc6 3.d4 cxd4 4.Nxd4 Nf6 5.Nc3 d6 6.Bg5 e6 7.Qd2 a6 8.O-O-O h6
9.Be3 Be7 10.f4 Nxd4 11.Bxd4 b5 12.Bd3 Bb7 13.Rhe1 b4 14.Na4 Bc6 15.Nb6 Rb8
16.Nc4 d5 17.exd5 Qxd5 18.Be5 Rd8 19.Bf1 Qxd2+ 20.Rxd2 Rxd2 21.Nxd2 O-O 22.Nb3 Ra8
23.Bd4 Nd5 24.g3 a5 25.Bd3 a4 26.Nd2 a3 27.Bc4 Bf8 28.Bb3 g5 29.Ne4 Be7 30.fxg5 hxg5
31.Nf2 Nc7 32.Ng4 Nb5 33.Be3 Rc8 34.Rf1 Be4 35.Nh6+ Kf8 36.Nxf7 Ke8 37.Nxg5 Bxg5
38.Bxg5 Bxc2 39.Bxc2 Nd4 40.Rf2 b3 41.bxa3 bxc2 42.Bf6  1-0

[Event "EU-ch U18"]
[Site "Tallinn"]
[Date "1997.??.??"]
[Round "8"]
[White "Solak, Dragan"]
[Black "Mchedlishvili, Mikheil"]
[Result "1/2-1/2"]
[WhiteElo "2345"]
[BlackElo "2380"]

1.e4 c5 2.Nf3 Nc6 3.d4 cxd4 4.Nxd4 Nf6 5.Nc3 d6 6.Bg5 Bd7 7.Qd2 Nxd4 8.Qxd4 h6
9.Bxf6 gxf6 10.Nd5 Bg7 11.f4 e6 12.Ne3 Qa5+ 13.b4 Qb6 14.Qxb6 axb6 15.Nc4 Ke7
16.f5 Ra6  1/2-1/2